| 000 | nam a22 a 4500 | ||
|---|---|---|---|
| 999 |
_c332715 _d332715 |
||
| 003 | BLK | ||
| 005 | 20201020152237.0 | ||
| 008 | 180411b bul|||||r ||||||| ||bul|| | ||
| 010 | _aKNG00191602000 | ||
| 040 | _aBLK | ||
| 041 |
_aBUL _cBUL |
||
| 080 |
_aФренски език _b811.133.1 _x-5 _z811.133.1-5 |
||
| 100 |
_aГенадиев, Харитон Иванов _9395074 |
||
| 139 |
_aГенадиев, Харитон Иванов _bГ 29 |
||
| 245 | 1 | 0 |
_aКлюч на французката граматика за българите или Превод на темите, които се съдържат в тази граматика _cХаритон Иванов Генадиев _bспоред Павла Фукс |
| 246 |
_aClef de la grammaire francaise à l'usage des bulgares ou Traduction des thémes contenus dans cet ouvrage _bComposé d'après le professeur Paul Fuchs |
||
| 257 | _aBGR | ||
| 260 |
_aПловдив _bПловдив : Христо Г. Данов _c1895 _9212815 |
||
| 300 |
_a111 с. _c20 см |
||
| 380 | _a80 | ||
| 490 |
_9395075 _aОллендорфова метода |
||
| 490 |
_9435080 _aКолекция Редки и ценни издания |
||
| 650 | 4 |
_aФренски език - граматика _9255761 |
|
| 653 | _aфренски език | ||
| 653 | _aграматика | ||
| 852 |
_aРб 895 _bРц |
||
| 856 | 4 | _qpdf | |
| 856 | 4 | _qpdf | |
| 942 |
_cKNG _n0 _s1 |
||
| 944 |
_aCR _c05.10.2016 _kПравда_Бадева |
||
| 944 |
_aED _c05.10.2016 _kПравда_Бадева |
||
| 999 | _d332715 | ||
| 999 | _d332715 | ||
| 999 | _d332715 | ||
| 999 | _d182677 | ||